Last Ten: Russian Leaders in Order Quiz Stats

 Plays Quiz not verified by Sporcle

Support Sporcle.
Go Orange.
Score 0/10 Timer 01:30
1 Play Today
% Correct
???
80.7%
???
75.4%
???
67.8%
???
58.5%
???
53.4%
???
53.1%
???
52.1%
???
50.3%
???
47.6%
???
44.2%

You're not logged in!

Compare scores with friends on all Sporcle quizzes.
OR
Log In

From the Vault

College or Prison?

by Hejman

The food is pretty sketchy, whichever way you go.
Remove Ads.
Support Sporcle.
Get the best of Sporcle when you Go Orange. This ad-free experience offers more features, more stats, and more fun while also helping to support Sporcle. Thank you for becoming a member.

Show Comments

Extras

Top Quizzes Today


Score Distribution

Your Account Isn't Verified!

In order to create a playlist on Sporcle, you need to verify the email address you used during registration. Go to your Sporcle Settings to finish the process.

Report this User

Report this user for behavior that violates our Community Guidelines.

Details: